[Event "Bayern-ch op Seniors 26th"]
[Site "Bergen"]
[Date "2014.06.25"]
[Round "5"]
[White "Wolfram, Gisbert"]
[Black "Peiberg, Ehrhard"]
[Result "1/2-1/2"]
[WhiteElo "1637"]
[BlackElo "1483"]
[PlyCount "62"]
[EventDate "2014.06.21"]
[EventType "swiss"]
[EventRounds "7"]
[EventCountry "GER"]
[SourceTitle "EXT 2018"]
[Source "ChessBase"]
[SourceDate "2017.10.13"]
[SourceVersion "1"]
[SourceVersionDate "2017.10.13"]
[SourceQuality "1"]

1. Nf3 Nf6 2. g3 d5 3. Bg2 c6 4. 0-0 g6 5. d3 Bg7 6. Nbd2 0-0 7. e4 dxe4 8. dxe4 Qb6 9. c3 Rd8 10. Qe2 Bg4 11. h3 Bxf3 12. Nxf3 Qa6 13. Qc2 Nbd7 14. Be3 b6 15. Nd4 Rac8 16. Bg5 h6 17. Be3 Ne5 18. Rfd1 c5 19. Nf3 Nxf3+ 20. Bxf3 e5 21. Rxd8+ Rxd8 22. Be2 Qc8 23. Kg2 Qc6 24. f3 Qc7 25. Rd1 Rxd1 26. Qxd1 Qd7 27. Qxd7 Nxd7 28. Bc4 Kf8 29. f4 exf4 30. gxf4 f6 31. Kf3 g5 1/2-1/2

[Event "Bayern-ch op Seniors 26th"]
[Site "Bergen"]
[Date "2014.06.22"]
[Round "3"]
[White "Wolfram, Gisbert"]
[Black "Klein, Reinhard"]
[Result "0-1"]
[WhiteElo "1637"]
[BlackElo "1803"]
[PlyCount "78"]
[EventDate "2014.06.21"]
[EventType "swiss"]
[EventRounds "7"]
[EventCountry "GER"]
[SourceTitle "EXT 2018"]
[Source "ChessBase"]
[SourceDate "2017.10.13"]
[SourceVersion "1"]
[SourceVersionDate "2017.10.13"]
[SourceQuality "1"]

1. Nf3 c5 2. g3 Nc6 3. Bg2 d5 4. 0-0 e5 5. d3 Nf6 6. Bg5 Be7 7. Nbd2 h6 8. Bxf6 Bxf6 9. e4 d4 10. Nc4 Be6 11. a4 0-0 12. Qe2 Qd7 13. Kh1 Bg4 14. Qe1 Qc7 15. Ng1 Nb4 16. Na3 a6 17. f3 Bd7 18. b3 b5 19. axb5 axb5 20. c3 Nxd3 21. Qe2 c4 22. bxc4 bxc4 23. cxd4 exd4 24. f4 Be7 25. Nc2 Nxf4 26. Qf2 Rxa1 27. Rxa1 Nxg2 28. Qxg2 d3 29. Ne3 Bc5 30. Nd5 Qe5 31. Rc1 Bxg1 32. Kxg1 Rc8 33. Nc3 Bc6 34. Kf1 Re8 35. h3 f5 36. Qa2 Bxe4 37. Qxc4+ Kh7 38. Kf2 d2 39. Rd1 Bc2 0-1

[Event "Bayern-ch Seniors 25th"]
[Site "Bergen"]
[Date "2013.06.22"]
[Round "9.15"]
[White "Zehfuss, Helmut"]
[Black "Wolfram, Gisbert"]
[Result "1-0"]
[WhiteElo "1706"]
[BlackElo "1617"]
[PlyCount "105"]
[EventDate "2013.06.15"]
[EventType "swiss"]
[EventRounds "9"]
[EventCountry "GER"]
[SourceTitle "EXT 2022"]
[Source "ChessBase"]
[SourceDate "2021.10.06"]
[SourceVersion "1"]
[SourceVersionDate "2021.10.06"]
[SourceQuality "1"]

1. e4 c6 2. d4 d5 3. exd5 cxd5 4. Bd3 Nf6 5. c3 Bg4 6. Qa4+ Nc6 7. Bf4 e6 8. Nd2 Bd6 9. Bxd6 Qxd6 10. Ngf3 0-0 11. 0-0 Ne7 12. Rfe1 Bxf3 13. Nxf3 Ng6 14. Ne5 a6 15. Qc2 Nf4 16. Bf1 Rac8 17. Qd2 Ng6 18. Bd3 Rfe8 19. a4 Nd7 20. f4 Ndxe5 21. fxe5 Qd8 22. Rf1 Rf8 23. Qe2 Qg5 24. g3 f5 25. exf6 Rxf6 26. Rxf6 Qxf6 27. Re1 Re8 28. Qg4 Nf8 29. Kg2 Re7 30. Rf1 Qh6 31. Qf3 g6 32. a5 Qg7 33. Bc2 Rf7 34. Qxf7+ Qxf7 35. Rxf7 Kxf7 36. h4 h6 37. Kf3 Kf6 38. Bb3 Nd7 39. c4 dxc4 40. Bxc4 Nb8 41. d5 exd5 42. Bxd5 Nc6 43. Bxc6 bxc6 44. Ke4 Ke6 45. b4 Kd6 46. Kd4 g5 47. hxg5 hxg5 48. g4 Kd7 49. Ke5 Ke7 50. Kf5 Kf7 51. Kxg5 Kg7 52. Kf5 Kf7 53. Ke5 1-0

[Event "Bayern-ch Seniors 25th"]
[Site "Bergen"]
[Date "2013.06.19"]
[Round "6.18"]
[White "Wolfram, Gisbert"]
[Black "Babichev, Vyacheslav"]
[Result "0-1"]
[WhiteElo "1617"]
[BlackElo "1716"]
[PlyCount "86"]
[EventDate "2013.06.15"]
[EventType "swiss"]
[EventRounds "9"]
[EventCountry "GER"]
[SourceTitle "EXT 2022"]
[Source "ChessBase"]
[SourceDate "2021.10.06"]
[SourceVersion "1"]
[SourceVersionDate "2021.10.06"]
[SourceQuality "1"]

1. Nf3 Nf6 2. g3 b6 3. Bg2 Bb7 4. 0-0 g6 5. d3 Bg7 6. e4 d6 7. Nbd2 0-0 8. a4 a5 9. Rb1 Nbd7 10. b3 Nc5 11. Bb2 e5 12. Nc4 Re8 13. Nfd2 Nfd7 14. f4 f6 15. f5 Nf8 16. Ne3 Ba6 17. Rf2 c6 18. h4 Re7 19. Ng4 h5 20. Nh2 Bh6 21. Qe2 Qe8 22. Nc4 Bxc4 23. dxc4 g5 24. Bc1 Nh7 25. Bf3 Qf8 26. Bxh5 gxh4 27. gxh4 Rg7+ 28. Bg6 Bxc1 29. Rxc1 Kh8 30. Rg2 Raa7 31. Kh1 Qd8 32. h5 Ng5 33. Rg4 d5 34. exd5 cxd5 35. cxd5 Qxd5+ 36. Rg2 Rad7 37. c4 Qb7 38. Rc3 Nce4 39. Nf1 Nxc3 40. Qe3 Nd1 41. Qe1 Rd3 42. Nh2 Rgd7 43. Kg1 Nh3+ 0-1

[Event "Bayern-ch Seniors 21st"]
[Site "Bergen"]
[Date "2009.06.28"]
[Round "9"]
[White "Wolfram, Gisbert"]
[Black "Janzen, Christian"]
[Result "1-0"]
[WhiteElo "1646"]
[BlackElo "1598"]
[PlyCount "95"]
[EventDate "2009.06.20"]
[EventType "swiss"]
[EventRounds "9"]
[EventCountry "GER"]
[SourceTitle "EXT 2015"]
[Source "ChessBase"]
[SourceDate "2014.11.20"]
[SourceVersion "1"]
[SourceVersionDate "2014.11.20"]
[SourceQuality "1"]

1. Nf3 d5 2. g3 Nf6 3. Bg2 c6 4. 0-0 Bf5 5. d3 Nbd7 6. Nbd2 e5 7. Qe1 Bd6 8. e4 dxe4 9. dxe4 Bg4 10. Nc4 Bc7 11. h3 Bxf3 12. Bxf3 Qe7 13. a4 h6 14. b3 0-0-0 15. Bd2 Nh7 16. Bg2 Ng5 17. Ba5 b6 18. Bd2 Kb7 19. f4 exf4 20. gxf4 Nh7 21. e5 Nb8 22. Kh1 Rhe8 23. b4 Qe6 24. Qe4 f5 25. Qe2 Rd4 26. Nb2 Red8 27. Bc3 R4d7 28. b5 Rd5 29. bxc6+ Nxc6 30. Bxd5 Qxd5+ 31. Qf3 Qxf3+ 32. Rxf3 Nd4 33. Rf2 Nf8 34. Rd1 Nde6 35. Rxd8 Bxd8 36. Nd3 Be7 37. Kh2 Nd7 38. Rf1 a5 39. Bb2 Kc6 40. Kg3 Ndc5 41. Nxc5 Nxc5 42. Ra1 g5 43. Ba3 Ne4+ 44. Kf3 Bb4 45. Bxb4 axb4 46. a5 bxa5 47. Rxa5 Nc5 48. Ra8 1-0

[Event "Bad Woerishofen op 24th"]
[Site "Bad Woerishofen"]
[Date "2008.03.07"]
[Round "9"]
[White "Wolfram, Gisbert"]
[Black "Malzer, Werner"]
[Result "0-1"]
[WhiteElo "1582"]
[BlackElo "1842"]
[PlyCount "79"]
[EventDate "2008.02.28"]
[EventType "swiss"]
[EventRounds "9"]
[EventCountry "GER"]
[SourceTitle "EXT 2022"]
[Source "ChessBase"]
[SourceDate "2021.10.06"]
[SourceVersion "1"]
[SourceVersionDate "2021.10.06"]
[SourceQuality "1"]

1. Nf3 c5 2. g3 Nc6 3. Bg2 g6 4. 0-0 Bg7 5. d3 Nf6 6. Nbd2 0-0 7. e4 d6 8. h3 Rb8 9. Rb1 b6 10. a4 Bb7 11. b3 Qc7 12. Bb2 Rbd8 13. Qe2 Nd7 14. Bxg7 Kxg7 15. Nc4 e6 16. Ne3 Nf6 17. Ne1 d5 18. Ng4 Nd4 19. Qe3 Nxg4 20. hxg4 e5 21. c3 Ne6 22. exd5 Bxd5 23. Bxd5 Rxd5 24. f4 f6 25. f5 Ng5 26. Rd1 e4 27. Ng2 Rxd3 28. Rxd3 exd3 29. Qxd3 Rd8 30. Qe3 Qf7 31. c4 Re8 32. Qd3 Qe7 33. Re1 Qf7 34. Rxe8 Qxe8 35. Kh2 Qe4 36. Qd7+ Kh6 37. fxg6 hxg6 38. Qd1 Nf3+ 39. Kh3 Nd4 40. Nf4 0-1

[Event "Bad Woerishofen op 24th"]
[Site "Bad Woerishofen"]
[Date "2008.03.06"]
[Round "8"]
[White "Taufratshofer, Martin"]
[Black "Wolfram, Gisbert"]
[Result "1-0"]
[WhiteElo "1878"]
[BlackElo "1582"]
[PlyCount "61"]
[EventDate "2008.02.28"]
[EventType "swiss"]
[EventRounds "9"]
[EventCountry "GER"]
[SourceTitle "EXT 2022"]
[Source "ChessBase"]
[SourceDate "2021.10.06"]
[SourceVersion "1"]
[SourceVersionDate "2021.10.06"]
[SourceQuality "1"]

1. d4 d5 2. Nf3 Nf6 3. Bf4 Bf5 4. e3 e6 5. Ne5 c6 6. g4 Be4 7. f3 Bg6 8. h4 h6 9. Nxg6 fxg6 10. Bd3 Kf7 11. c3 Bd6 12. Qc2 Bxf4 13. Bxg6+ Ke7 14. exf4 Qc7 15. Qd2 Nbd7 16. Qe3 Nf8 17. Bc2 Rc8 18. Nd2 c5 19. 0-0-0 b5 20. f5 b4 21. dxc5 bxc3 22. Nb3 cxb2+ 23. Kxb2 Qc6 24. fxe6 Qxe6 25. Qd4 Qc6 26. Bf5 Rc7 27. f4 Kd8 28. g5 Nh5 29. Qe5 Re7 30. Qb8+ Qc8 31. Qxc8# 1-0

[Event "Bad Woerishofen op 24th"]
[Site "Bad Woerishofen"]
[Date "2008.02.28"]
[Round "1"]
[White "Pleyer, Felix"]
[Black "Wolfram, Gisbert"]
[Result "1-0"]
[WhiteElo "2002"]
[BlackElo "1582"]
[PlyCount "53"]
[EventDate "2008.02.28"]
[EventType "swiss"]
[EventRounds "9"]
[EventCountry "GER"]
[SourceTitle "EXT 2022"]
[Source "ChessBase"]
[SourceDate "2021.10.06"]
[SourceVersion "1"]
[SourceVersionDate "2021.10.06"]
[SourceQuality "1"]

1. e4 c6 2. d4 d5 3. exd5 cxd5 4. Bd3 Nf6 5. h3 Nc6 6. c3 e6 7. Nf3 Qc7 8. 0-0 Bd6 9. Re1 0-0 10. Qe2 Re8 11. Ne5 g6 12. Nd2 Nd7 13. Ndf3 Ndxe5 14. dxe5 Bf8 15. Bg5 Bg7 16. Bb5 a6 17. Bxc6 bxc6 18. Nh2 Rf8 19. Ng4 Kh8 20. Qe3 c5 21. Qg3 Qb7 22. b3 a5 23. Qh4 a4 24. b4 cxb4 25. cxb4 a3 26. Bf6 h5 27. Qg5 1-0

[Event "Bad Woerishofen Seniors op 21st"]
[Site "Bad Woerishofen"]
[Date "2005.03.10"]
[Round "8"]
[White "Aigner, Georg"]
[Black "Wolfram, Gisbert"]
[Result "1-0"]
[WhiteElo "1823"]
[BlackElo "1548"]
[PlyCount "87"]
[EventDate "2005.03.03"]
[EventType "swiss"]
[EventRounds "9"]
[EventCountry "GER"]
[SourceTitle "EXT 2006"]
[Source "ChessBase"]
[SourceDate "2005.11.24"]
[SourceVersion "1"]
[SourceVersionDate "2005.11.24"]
[SourceQuality "1"]

1. e4 c6 2. d4 d5 3. Nc3 dxe4 4. Nxe4 Nd7 5. Nf3 Ngf6 6. Ng3 e6 7. Bd3 Bd6 8. c4 0-0 9. 0-0 Re8 10. Bg5 h6 11. Bd2 Qc7 12. Qc1 e5 13. Re1 exd4 14. Rxe8+ Nxe8 15. Bxh6 Ne5 16. Nxe5 Bxe5 17. f4 Bf6 18. Qe1 Bd7 19. Qe4 gxh6 20. Qh7+ Kf8 21. Nh5 Ke7 22. Re1+ Kd8 23. Qxf7 Qd6 24. Bf5 Kc7 25. Re6 Qc5 26. Rxe8 Rxe8 27. Qxd7+ Kb6 28. Nxf6 Re7 29. Qd8+ Ka6 30. Nd7 Rxd7 31. Qxd7 Qxc4 32. g3 Qc1+ 33. Kg2 Qxb2+ 34. Kh3 c5 35. Bd3+ Ka5 36. f5 Qb6 37. f6 a6 38. Qf5 Qd6 39. f7 Qf8 40. Qe6 b5 41. Qe8 Qxf7 42. Qxf7 c4 43. Bxc4 bxc4 44. Qxc4 1-0